Presa compensadora de "El Chocón" en Arroyito /
Guardado en:
| Autor Principal: | |
|---|---|
| Formato: | Libro |
| Idioma: | Spanish |
| Publicado: |
Bahía Blanca :
Universidad Nacional del Sur,
1977.
|
| Series: | Depto.de Ingeniería. Práctica final de carrera
|
| Etiquetas: |
Agregar Etiqueta
Sin Etiquetas, Sea el primero en etiquetar este registro!
|
| LEADER | 00562nam a22001575a 4500 | ||
|---|---|---|---|
| 001 | EUN.um038470 | ||
| 003 | AR-BaUNS | ||
| 005 | 20050623122910.0 | ||
| 008 | 041125s1977####ag#a##########000#0#spa#d | ||
| 245 | 1 | 0 | |a Presa compensadora de "El Chocón" en Arroyito / |c Enrique L. Buschiazzo. |
| 260 | |a Bahía Blanca : |b Universidad Nacional del Sur, |c 1977. | ||
| 300 | |a 3 v. : |b ilus. ; |c 29,5 cm. . | ||
| 490 | 0 | |a Depto.de Ingeniería. Práctica final de carrera | |
| 100 | 1 | |a Buschiazzo, Enrique L. | |
| 082 | 0 | 4 | |a 627.8 |
| 859 | |a Ar-BaUNS |b BIB. CENTRAL - Sector C |h 627.8 |i B961 |p 86739/981 |v v.1 | ||
